Physically based rendering : from theory to implementation

Αποθηκεύτηκε σε:
Λεπτομέρειες βιβλιογραφικής εγγραφής
Κύριος συγγραφέας: Pharr, Matt
Άλλοι συγγραφείς: Humphreys, Greg Ph. D.
Μορφή: Βιβλίο
Γλώσσα:English
Δημοσίευση: Amsterdam : Elsevier, c2004
Σειρά:Morgan kaufmann series in interactive 3D technology
Θέματα:
Ετικέτες: Προσθήκη ετικέτας
Δεν υπάρχουν, Καταχωρήστε ετικέτα πρώτοι!

MARC

LEADER 00000nam a2200000 i 4500
001 1/36181
008 061025s2004 eng d
020 |a 0-12-553180-X 
035 |l 10085750 
040 |a GR-MY-UA  |b gre  |e aacr 
041 0 |a eng 
082 0 |a 006.693  |2 (22) 
100 1 |a Pharr, Matt. 
245 1 0 |a Physically based rendering :  |b from theory to implementation /  |c Matt Pharr and Greg Humphreys 
260 |a Amsterdam :   |b Elsevier,   |c c2004 
300 |a xxxii, 1019 σ.;  |b εικ. (μερικές έγχρ.);  |c 24 εκ. 
490 1 |a The Morgan Kaufmann series in interactive 3D technology 
504 |a Βιβλιογραφία: σ. 961-988. Ευρετήριο 
650 0 0 |a Computer graphics. 
700 1 |a Humphreys, Greg  |c Ph. D. 
830 0 |a Morgan kaufmann series in interactive 3D technology 
852 |a INST  |b SYROS  |e 20061025  |h 006.693 PHA  |p 005500007476  |q 005500007476  |t BK  |y 0 
852 |a INST  |b SYROS  |e 20070417  |h 006.693 PHA   |p 005500007489  |q 005500007489  |t BK  |y 0 
901 |a BIBL5-2007-1 
909 |a Ε  |b 129597 
909 |a Ε  |b 133012 
922 |a 5ΕΛΗ  |b 200610  |c ΒΙΒΛΙΟΘΗΚΗ ΣΥΡΟΥ  |d ΜΙΧΑΛΟΠΟΥΛΟΣ 
950 |a 188-2006-09-18 
970 |a ΚΑΓΙΑΒΑ  |b ΕΙΡΗΝΗ  |z 2007/04/17